| Tag |
First Indicator |
Second Indicator |
Subfields |
| LEADER |
00000cam a2200000 4500 |
| 001 |
in00000045274 |
| 005 |
20151007071155.0 |
| 008 |
760816s1960 mnuabc b 00100 eng |
| 010 |
|
|
|a 60014970
|
| 035 |
|
|
|a (OCoLC)02376129
|
| 035 |
|
|
|9 AAE5460AM
|
| 040 |
|
|
|a DLC
|c MIA
|d TXA
|d UtOrBLW
|
| 049 |
|
|
|a TXAM
|c [327605]
|
| 050 |
0 |
0 |
|a QH305
|b .G3
|
| 082 |
0 |
|
|a 574.09
|
| 090 |
|
|
|a QH305
|b .G32 1960
|
| 092 |
|
|
|a 574.09
|b G226h, 1960
|
| 100 |
1 |
|
|a Gardner, Eldon J.
|q (Eldon John),
|d 1909-1989.
|
| 245 |
1 |
0 |
|a History of life science :
|b outlines and references.
|
| 264 |
|
1 |
|a Minneapolis :
|b Burgess Pub. Co.,
|c [1960]
|
| 300 |
|
|
|a vi, 180 pages :
|b illustrations, portraits, maps, diagrams ;
|c 28 cm.
|
| 336 |
|
|
|a text
|b txt
|2 rdacontent
|
| 337 |
|
|
|a unmediated
|b n
|2 rdamedia
|
| 338 |
|
|
|a volume
|b nc
|2 rdacarrier
|
| 504 |
|
|
|a Includes bibliographies.
|
| 650 |
|
0 |
|a Biology
|x History.
|
| 740 |
0 |
|
|a Life science.
|
| 999 |
|
|
|a MARS
|
| 999 |
f |
f |
|s 2993e7bb-a486-316c-bc6e-2494d9b103ec
|i 7f6cf3d3-19c2-3906-a0bf-95a7bc254564
|t 0
|
| 952 |
f |
f |
|p ric
|a Texas A&M University
|b Rellis Campus
|c Joint Library Facility
|d Remote Storage
|t 0
|e QH305 .G32 1960
|h Library of Congress classification
|i unmediated -- volume
|m A14800972513
|
| 998 |
f |
f |
|a QH305 .G32 1960
|t 0
|l Remote Storage
|